000 nam a22 a 4500
999 _c713
_d713
003 AKMAL
005 20170505083526.0
008 170505s1989 my | e | a000 0 may d
020 _a9836207619
040 _aAKMAL
082 0 4 _a297.01 GHA
_21
090 _a297.01
_bGHA
100 1 _aGhazzali,
_d1058-1111
_91520
245 1 _aTahafut al-falasifah :
_bkekacauan para filsuf /
_cAl-Ghazali ; (diterjemah ke dalam bahasa Indonesia oleh Ahmadie Thaha dan diubahsuai ke dalam bahasa Malaysia oleh Kamariah Mohd. Ali
260 _aKuala Lumpur :
_bDewan Bahasa dan Pustaka,
_c1989
300 _axxv, 258ms. ;
_c21cm
500 _aTerjemahan dari: "Tahafut al-Falasifah"
505 0 _aMengandungi ayat-ayat dari Quran
650 1 0 _aIslam and philosophy
_9875
650 2 0 _aPhilosophy, Islamic
_9874
650 2 0 _aPhilosophers, Muslim
_91521
700 0 _aKamariah Mohd. Ali
_91522
700 1 _aThaha, Ahmadie
_91523
942 _2ddc
_cBOOK